Statistics for All songs by Toby Keith

Click here to take the quiz!

General Stats

  • This quiz has been taken 14 times
  • The average score is 17 of 206

Answer Stats

AlbumAnswer% Correct
How Do You Like Me Now?!How Do You Like Me Now?!
83%
Toby KeithShould’ve Been a Cowboy
83%
UnleashedCourtesy of the Red, White and Blue (The Angry American)
75%
Clancy’s TavernRed Solo Cup
75%
American RideAmerican Ride
67%
Honkytonk UniversityAs Good As I Once Was
58%
UnleashedBeer For My Horses
58%
Shock’n Y’allI Love This Bar
58%
Clancy’s TavernMade in America
58%
Shock’n Y’allAmerican Soldier
50%
Pull My ChainMy List
50%
UnleashedWho’s Your Daddy?
50%
Bullets in the GunBullets in the Gun
42%
Honkytonk UniversityHonkytonk U
42%
Pull My ChainI Wanna Talk About Me
42%
Pull My ChainPull My Chain
42%
BoomtownBoomtown
33%
Dream Walkin’Dream Walkin’
33%
Drinks After WorkDrinks After Work
33%
Peso in My PocketPeso in My Pocket
33%
BoomtownWho’s That Man
33%
Toby KeithWish I Didn’t Know Now
33%
BoomtownYou Ain’t Much Fun
33%
How Do You Like Me Now?!You Shouldn’t Kiss Me Like This
33%
35MPH Town35MPH Town
25%
Clancy’s TavernBeers Ago
25%
Blue MoonDoes That Blue Moon Ever Shine on You
25%
Hope on the RocksHope on the Rocks
25%
That Don’t Make Me a Bad GuyThat Don’t Make Me a Bad Guy
25%
Shock’n Y’allWhiskey Girl
25%
Toby KeithA Little Less Talk and a Lot More Action
17%
White Trash with MoneyA Little Too Late
17%
Big Dog DaddyBig Dog Daddy
17%
Clancy’s TavernClancy’s Tavern
17%
White Trash with MoneyCrash Here Tonight
17%
American RideCryin’ for Me (Wayman’s Song)
17%
White Trash with MoneyGet Drunk and Be Somebody
17%
That Don’t Make Me a Bad GuyGod Love Her
17%
Toby KeithHe Ain’t Worth Missing
17%
Pull My ChainI’m Just Talkin’ About Tonight
17%
Peso in My PocketOklahoma Breakdown
17%
That Don’t Make Me a Bad GuyShe Never Cried in Front of Me
17%
Bullets in the GunTrailerhood
17%
BoomtownUpstairs Downtown
17%
Dream Walkin’We Were in Love
17%
Honkytonk UniversityBig Blue Note
8%
How Do You Like Me Now?!Country Comes to Town
8%
Peso in My PocketHappy Birthday America
8%
Big Dog DaddyHigh Maintenance Woman
8%
Pull My ChainI Can’t Take You Anywhere
8%
Shock’n Y’allIf I Was Jesus
8%
Honkytonk UniversityI Got it Bad
8%
Dream Walkin’I’m So Happy I Can’t Stop Crying
8%
Peso in My PocketOld School
8%
35MPH TownRum Is the Reason
8%
35MPH TownSailboat For Sale
8%
Honkytonk UniversityShe Ain’t Hooked on Me No More
8%
How Do You Like Me Now?!She Only Gets That Way With Me
8%
Pull My ChainThe Sha La La Song
8%
How Do You Like Me Now?!When Love Fades
8%
Pull My ChainYou Leave Me Weak
8%
35MPH Town10 Foot Pole
0%
Bullets in the GunAin’t Breakin’ Nothin’
0%
UnleashedAin’t It Just Like You
0%
White Trash with MoneyAin’t No Right Way
0%
Toby KeithAin’t No Thang
0%
American RideAre You Feelin’ Me?
0%
Blue MoonA Woman’s Touch
0%
Shock’n Y’allBaddest Boots
0%
American RideBallad of Balad
0%
35MPH TownBeautiful Stranger
0%
Drinks After WorkBefore We Knew They Were Good
0%
BoomtownBig Ol’ Truck
0%
How Do You Like Me Now?!Blue Bedroom
0%
White Trash with MoneyBrand New Bow
0%
Big Dog DaddyBurnin’ Moonlight
0%
That Don’t Make Me a Bad GuyCabo San Lucas
0%
White Trash with MoneyCan’t Buy You Money
0%
Clancy’s TavernChill-Axin’
0%
Toby KeithClose but No Guitar
0%
Blue MoonClosin’ Time at Home
0%
Clancy’s TavernClub Zydeco Moon
0%
Hope on the RocksCold Beer Country
0%
That Don’t Make Me a Bad GuyCreole Woman
0%
Peso in My PocketDays I Shoulda Died
0%
How Do You Like Me Now?!Die With Your Boots On
0%
How Do You Like Me Now?!Do I Know You (Bottom of My Heart)
0%
Shock’n Y’allDon’t Leave, I Think I Love You
0%
Dream Walkin’Double Wide Paradise
0%
Bullets in the GunDrive it on Home
0%
35MPH TownDrunk Americans
0%
American RideEvery Dog Has Its Day
0%
Blue MoonEvery Night
0%
35MPH TownEvery Time I Drink I Fall in Love
0%
Pull My ChainForever Hasn’t Got Here Yet
0%
Hope on the RocksGet Got
0%
Big Dog DaddyGet My Drink On
0%
Bullets in the GunGet Out of My Car
0%
Pull My ChainGimme 8 Seconds
0%
35MPH TownGood Gets Here
0%
UnleashedGood to Go to Mexico
0%
White Trash with MoneyGrain of Salt
0%
Peso in My PocketGrowing Up Is a Bitch
0%
American RideGypsy Driftin’
0%
35MPH TownHaggard, Hank, And Her
0%
Drinks After WorkHard Way to Make an Easy Living
0%
Hope on the RocksHaven’t Had a Drink All Day
0%
Hope on the RocksHaven’t Seen the Last of You
0%
How Do You Like Me Now?!Heart to Heart
0%
White Trash with MoneyHell No
0%
Blue MoonHello
0%
Big Dog DaddyHit It
0%
How Do You Like Me Now?!Hold You, Kiss You, Love You
0%
UnleashedHuckleberry
0%
That Don’t Make Me a Bad GuyHurt a Lot Worse When You Go
0%
White Trash with MoneyI Ain’t Already There
0%
Dream Walkin’I Don’t Understand My Girlfriend
0%
American RideIf I Had One
0%
American RideIf You’re Tryin’ You Ain’t
0%
That Don’t Make Me a Bad GuyI Got It for You Girl
0%
How Do You Like Me Now?!I Know a Wall When I See One
0%
Big Dog DaddyI Know She Hung the Moon
0%
Hope on the RocksI Like Girls That Drink Beer
0%
Drinks After WorkI’ll Probably Be Out Fishin’
0%
Bullets in the GunIn a Couple of Days
0%
Clancy’s TavernI Need to Hear a Country Song
0%
BoomtownIn Other Words
0%
Bullets in the GunIs That All You Got
0%
UnleashedIt’s All Good
0%
UnleashedIt Works For Me
0%
Clancy’s TavernI Won’t Let You Down
0%
Dream Walkin’Jacky Don Tucker (Play by the Rules, Miss All the Fun)
0%
Clancy’s TavernJust Another Sundown
0%
Honkytonk UniversityJust the Guy to Do It
0%
Bullets in the GunKissin’ in the Rain
0%
Honkytonk UniversityKnock Yourself Out
0%
Drinks After WorkLast Living Cowboy
0%
BoomtownLife Was a Play (The World a Stage)
0%
Drinks After WorkLittle Miss Tear Stain
0%
American RideLoaded
0%
UnleashedLosing My Touch
0%
That Don’t Make Me a Bad GuyLost You Anyway
0%
Big Dog DaddyLove Me If You Can
0%
Blue MoonLucky Me
0%
Toby KeithMama Come Quick
0%
Blue MoonMe Too
0%
Hope on the RocksMissed You Just Right
0%
That Don’t Make Me a Bad GuyMissing Me Some You
0%
How Do You Like Me Now?!New Orleans
0%
Shock’n Y’allNights I Can’t Remember, Friends I’ll Never Forget
0%
BoomtownNo Honor Among Thieves
0%
White Trash with MoneyNote to Self
0%
Pull My ChainPick ‘Em Up and Lay ‘Em Down
0%
Big Dog DaddyPump Jack
0%
UnleashedRock You Baby
0%
UnleashedRodeo Moon
0%
White Trash with MoneyRunnin’ Block
0%
Hope on the RocksScat Cat
0%
Honkytonk UniversityShe Left Me
0%
Dream Walkin’She Ran Away With a Rodeo Clown
0%
Peso in My PocketShe’s Drinkin’ Again
0%
Blue MoonShe’s Gonna Get It
0%
Blue MoonShe’s Perfect
0%
Drinks After WorkShow Me What You’re Workin’ With
0%
Drinks After WorkShut Up and Hold On
0%
Toby KeithSome Kinda Good Kinda Hold on Me
0%
Bullets in the GunSomewhere Else
0%
Clancy’s TavernSouth of You
0%
Dream Walkin’Strangers Again
0%
Shock’n Y’allSweet
0%
Peso in My PocketTake a Look At My Heart
0%
American RideTender as I Wanna Be
0%
UnleashedThat’s Not How It Is
0%
Shock’n Y’allThe Critic
0%
Blue MoonThe Lonely
0%
Drinks After WorkThe Other Side of Him
0%
Hope on the RocksThe Size I Wear
0%
Bullets in the GunThink About You All of the Time
0%
Peso in My PocketThunderbird
0%
Shock’n Y’allTime For Me to Ride
0%
That Don’t Make Me a Bad GuyTime That It Would Take
0%
Dream Walkin’Tired
0%
White Trash with MoneyToo Far This Time
0%
Clancy’s TavernTryin’ to Fall in Love
0%
Pull My ChainTryin’ to Matter
0%
Toby KeithUnder the Fall
0%
Toby KeithValentine
0%
BoomtownVictoria’s Secret
0%
Big Dog DaddyWalk it Off
0%
35MPH TownWhat She Left Behind
0%
Honkytonk UniversityWhere You Gonna Go
0%
Big Dog DaddyWhite Rose
0%
Drinks After WorkWhole Lot More Than That
0%
American RideWoke Up on My Own
0%
BoomtownWoman Behind the Man
0%
Big Dog DaddyWouldn’t Wanna Be Ya
0%
Pull My ChainYesterday’s Rain
0%
Dream Walkin’Yet
0%
Hope on the RocksYou Ain’t Alone
0%
Honkytonk UniversityYou Ain’t Leavin’ (Thank God Are Ya)
0%
That Don’t Make Me a Bad GuyYou Already Love Me
0%
American RideYou Can’t Read My Mind
0%
Honkytonk UniversityYou Caught Me at a Bad Time
0%
Pull My ChainYou Didn’t Have as Much to Lose
0%
Dream Walkin’You Don’t Anymore
0%
Honkytonk UniversityYour Smile
0%

Score Distribution

Percentile by Number Answered

Percent of People with Each Score

Your Score History

You have not taken this quiz